Hướng dẫn điều trị ngộ độc cấp

Uloženo v:
Podrobná bibliografie
Hlavní autor: NGUYỄN THỊ DỤ
Médium: Kniha
Jazyk:Undetermined
Vydáno: Y học 2001
Tagy: Přidat tag
Žádné tagy, Buďte první, kdo otaguje tento záznam!
Thư viện lưu trữ: Trung tâm Học liệu Trường Đại học Cần Thơ
LEADER 00425nam a2200145Ia 4500
001 CTU_49955
008 210402s9999 xx 000 0 und d
082 |a 615.9 
082 |b H561 
100 |a NGUYỄN THỊ DỤ 
245 0 |a Hướng dẫn điều trị ngộ độc cấp 
245 0 |c NGUYỄN THỊ DỤ 
260 |b Y học 
260 |c 2001 
980 |a Trung tâm Học liệu Trường Đại học Cần Thơ